[Event "TCh-FRA Top 12 2021"]
[Site "Chalons en Champagne FRA"]
[Date "2021.06.25"]
[Round "2.5"]
[Board "6"]
[White "Boukhris-Ferre, Yacine"]
[Black "Riff, Jean-Noel"]
[Result "1/2-1/2"]
[BlackTitle "GM"]
[WhiteElo "2185"]
[BlackElo "2499"]
[WhiteTeam "Echiquier Agenais"]
[BlackTeam "Philidor Mulhouse"]
[WhiteFideId "697087"]
[BlackFideId "611190"]
[EventDate "2021.06.24"]

1. e4 e5 2. Nf3 Nc6 3. Bc4 Nf6 4. d3 Bc5 5. O-O d6 6. c3 O-O 7. a4 a5 8. Nbd2 h6
9. Re1 Be6 10. Bb3 Re8 11. Nc4 Ba7 12. Be3 Bxe3 13. Nxe3 d5 14. exd5 Nxd5 15.
Nc4 Nf4 16. Ncxe5 Nxe5 17. Rxe5 Nxd3 18. Re3 Bxb3 19. Rxe8+ Qxe8 20. Qxb3 b6 21.
Qc2 Rd8 22. Rd1 Nc5 23. b3 Rxd1+ 24. Qxd1 Qe4 25. h3 Ne6 26. Kh2 g5 27. Nd4 Nxd4
28. Qxd4 Qxd4 29. cxd4 f5 30. Kg3 Kf7 31. f4 c6 1/2-1/2

[Event "TCh-FRA Top 12 2021"]
[Site "Chalons en Champagne FRA"]
[Date "2021.06.25"]
[Round "2.5"]
[Board "7"]
[White "Papadiamandis, Elliot"]
[Black "Roubert, Emile"]
[Result "1-0"]
[WhiteTitle "FM"]
[WhiteElo "2327"]
[BlackElo "2067"]
[WhiteTeam "Philidor Mulhouse"]
[BlackTeam "Echiquier Agenais"]
[WhiteFideId "36074160"]
[BlackFideId "680311"]
[EventDate "2021.06.24"]

1. e4 e5 2. Nf3 Nc6 3. Bc4 Bc5 4. d3 Nf6 5. Nbd2 d6 6. c3 a6 7. Bb3 Ba7 8. O-O
O-O 9. h3 h6 10. Re1 Re8 11. Nf1 Be6 12. Ng3 d5 13. Qe2 Qd7 14. Bc2 d4 15. Kh2
Kh7 16. Nh4 Bc5 17. Rf1 Bf8 18. Bb3 Rad8 19. Bxe6 Rxe6 20. c4 g6 21. Nf3 a5 22.
Bd2 Bb4 23. Rac1 Bf8 24. Ne1 Qe7 25. f4 exf4 26. Bxf4 Bg7 27. Nf3 Ne8 28. Kh1
Ne5 29. Qd2 b6 30. Ne2 Nxf3 31. Rxf3 f5 32. Ng3 fxe4 33. Nxe4 Nf6 34. Nxf6+ Rxf6
35. Rf2 Re6 36. Rcf1 Rf8 37. Kg1 c5 38. Qd1 Rf5 39. Bd2 Rxf2 40. Rxf2 Rf6 41.
Rxf6 Bxf6 42. Qe1 Qf7 43. h4 h5 44. Qe4 Bd8 45. g3 Bc7 46. Kg2 Qd7 47. Bg5 Bd8
48. Bf4 Kg7 49. Qe5+ Kh7 50. Qd6 Qe8 51. Kf3 Kg8 52. Be5 Qf7+ 53. Ke2 Qe8 54.
Kf3 Qf7+ 55. Kg2 Qe8 56. Qd5+ Kf8 57. a4 Ke7 58. Bf4 Qd7 59. Bg5+ 1-0

[Event "TCh-FRA Top 12 2021"]
[Site "Chalons en Champagne FRA"]
[Date "2021.06.25"]
[Round "2.5"]
[Board "8"]
[White "Gennesseaux, Gabrielle"]
[Black "Navrotescu, Andreea"]
[Result "0-1"]
[BlackTitle "WIM"]
[WhiteElo "1799"]
[BlackElo "2253"]
[WhiteTeam "Echiquier Agenais"]
[BlackTeam "Philidor Mulhouse"]
[WhiteFideId "20686684"]
[BlackFideId "675946"]
[EventDate "2021.06.24"]

1. e4 e6 2. d3 d5 3. Nd2 Nf6 4. Ngf3 Bc5 5. e5 Nfd7 6. Nb3 Be7 7. d4 c5 8. c3
Nc6 9. Be2 a5 10. a4 cxd4 11. cxd4 Bb4+ 12. Bd2 Qb6 13. Bc3 f6 14. exf6 Nxf6 15.
O-O Bd6 16. Re1 O-O 17. Bd3 Bd7 18. Nbd2 Rae8 19. Nf1 Re7 20. Re2 Nh5 21. Ng5 g6
22. g3 Nxd4 23. Rd2 Nf5 24. g4 Bf4 25. gxh5 Bxg5 26. hxg6 h6 27. Re2 Nh4 28. Be5
Nf3+ 29. Kh1 Nxe5 30. Rxe5 Qxf2 31. Ng3 Qf3+ 32. Qxf3 Rxf3 33. Bb5 Bf4 34. Rh5
Kg7 35. Bxd7 Rxd7 36. Rh4 Bxg3 37. hxg3 Rxg3 38. Re1 Rxg6 39. Re3 Rc7 40. Re2
Kf7 41. b4 b6 42. Rb2 Rc1+ 43. Kh2 Rgg1 44. Rf4+ Ke7 45. Rff2 Rh1+ 46. Kg3 Rcg1+ 0-1

[Event "TCh-FRA Top 12 2021"]
[Site "Chalons en Champagne FRA"]
[Date "2021.06.25"]
[Round "2.6"]
[Board "1"]
[White "Duboue, Peio"]
[Black "Fressinet, Laurent"]
[Result "1/2-1/2"]
[WhiteTitle "FM"]
[BlackTitle "GM"]
[WhiteElo "2412"]
[BlackElo "2638"]
[WhiteTeam "Echiquier de l'Erdre"]
[BlackTeam "Bischwiller"]
[WhiteFideId "654833"]
[BlackFideId "608742"]
[EventDate "2021.06.24"]

1. e4 e5 2. Nf3 Nc6 3. Nc3 Nf6 4. d4 exd4 5. Nxd4 Bb4 6. Nxc6 bxc6 7. Bd3 d5 8.
exd5 O-O 9. O-O cxd5 10. Bg5 c6 11. Qf3 Bd6 12. Rae1 Rb8 13. Nd1 h6 14. Bxf6
Qxf6 15. Qxf6 gxf6 16. b3 Be6 17. Ne3 Bb4 18. Rd1 Rfe8 19. Nf5 Bf8 20. Rfe1 Bd7
21. Rxe8 Rxe8 22. Ng3 Bb4 23. Kf1 Kf8 24. Bf5 Be6 25. h3 a5 26. Bd3 c5 27. Bb5
Rb8 28. Bc6 d4 29. Be4 a4 30. Nf5 h5 31. Ng3 h4 32. Nf5 Bxf5 33. Bxf5 a3 34. Bd3
Re8 35. Bb5 Re5 36. g3 hxg3 37. fxg3 Re3 38. Kg2 Be1 39. g4 Kg7 40. Bf1 Bh4 41.
Bd3 Be1 42. Kf1 Ba5 43. Kg2 Bc7 44. h4 Kf8 45. Rg1 Bf4 46. h5 Kg7 47. Rh1 Rg3+
48. Kf2 Kh6 49. Re1 Rxg4 50. Kf3 Rh4 51. Re7 Be5 52. Rxf7 Rf4+ 1/2-1/2

[Event "TCh-FRA Top 12 2021"]
[Site "Chalons en Champagne FRA"]
[Date "2021.06.25"]
[Round "2.6"]
[Board "2"]
[White "Naiditsch, Arkadij"]
[Black "Hutois, Mickael"]
[Result "1-0"]
[WhiteTitle "GM"]
[BlackTitle "FM"]
[WhiteElo "2649"]
[BlackElo "2261"]
[WhiteTeam "Bischwiller"]
[BlackTeam "Echiquier de l'Erdre"]
[WhiteFideId "4650891"]
[BlackFideId "652091"]
[EventDate "2021.06.24"]

1. e4 e5 2. Nf3 Nc6 3. Nc3 Nf6 4. Bb5 Bb4 5. O-O O-O 6. d3 d6 7. Ne2 Ne7 8. c3
Ba5 9. Ng3 c6 10. Ba4 Ng6 11. d4 h6 12. Bc2 Re8 13. Be3 d5 14. Nxe5 Nxe5 15.
dxe5 Ng4 16. Bd4 Qh4 17. h3 Nxe5 18. exd5 Bc7 19. Re1 Bd7 20. d6 1-0

[Event "TCh-FRA Top 12 2021"]
[Site "Chalons en Champagne FRA"]
[Date "2021.06.25"]
[Round "2.6"]
[Board "3"]
[White "Eugene, Floryan"]
[Black "Ragger, Markus"]
[Result "0-1"]
[WhiteTitle "FM"]
[BlackTitle "GM"]
[WhiteElo "2343"]
[BlackElo "2680"]
[WhiteTeam "Echiquier de l'Erdre"]
[BlackTeam "Bischwiller"]
[WhiteFideId "20694784"]
[BlackFideId "1610856"]
[EventDate "2021.06.24"]

1. e4 c5 2. Nf3 d6 3. d4 cxd4 4. Nxd4 Nf6 5. Nc3 a6 6. Be3 e5 7. Nb3 Be7 8. h3
h6 9. Qf3 b5 10. O-O-O b4 11. Nd5 Nxd5 12. exd5 Qc7 13. Bd3 a5 14. Kb1 Nd7 15.
Qg3 Bf6 16. Nd2 Bb7 17. Ne4 Bxd5 18. Nxf6+ gxf6 19. Bf5 Be6 20. Bxe6 fxe6 21.
Qg6+ Kd8 22. Qf7 Re8 23. f4 a4 24. fxe5 Nxe5 25. Qxf6+ Kc8 26. Bf4 Nc4 27. Rhe1
e5 28. Qg6 Kb7 29. Qe4+ Qc6 30. Bxh6 Rad8 31. Rd5 Nb6 32. Rb5 d5 33. Qxb4 Qxh6
34. Qxa4 Qc6 35. Qb4 Qd6 36. Qb3 Rb8 37. Rd1 d4 38. c4 Kc7 39. Qc2 0-1

[Event "TCh-FRA Top 12 2021"]
[Site "Chalons en Champagne FRA"]
[Date "2021.06.25"]
[Round "2.6"]
[Board "4"]
[White "Rodshtein, Maxim"]
[Black "De Pierrefeu, Thibaut"]
[Result "1/2-1/2"]
[WhiteTitle "GM"]
[WhiteElo "2614"]
[BlackElo "2205"]
[WhiteTeam "Bischwiller"]
[BlackTeam "Echiquier de l'Erdre"]
[WhiteFideId "2806851"]
[BlackFideId "2109093"]
[EventDate "2021.06.24"]

1. d4 Nf6 2. c4 e6 3. Nf3 d5 4. Nc3 dxc4 5. e4 b5 6. e5 Nd5 7. Nxb5 Nb6 8. Be2
Be7 9. O-O Nc6 10. Be3 Rb8 11. Nc3 O-O 12. Qd2 Bb7 13. Rfd1 Nb4 14. b3 cxb3 15.
axb3 a6 16. Qc1 N6d5 17. Nxd5 Bxd5 18. Nd2 Qc8 19. Bf1 Qb7 20. Qc3 f5 21. exf6
gxf6 22. Rdc1 Bd6 23. Bh6 Rf7 24. Nc4 Kh8 25. Nxd6 cxd6 26. Ra4 Nc6 27. Rxa6 Ne7
28. Qa5 Nf5 29. Rb6 Qa8 30. Ra6 Qb7 31. Rb6 Qa8 32. Qxa8 Rxa8 33. Be3 Nh4 34.
Rxd6 Bxb3 35. g3 Nf5 36. Rb6 Bd5 37. Bg2 Rd8 38. Bxd5 Rxd5 39. Rxe6 Nxd4 40.
Rc8+ Kg7 41. Ree8 Rfd7 42. g4 Nf3+ 43. Kg2 Nh4+ 44. Kg3 Ng6 45. Rg8+ Kf7 46. h4
h5 47. g5 f5 48. f3 Rd3 49. Bf4 R7d4 50. Rxg6 Kxg6 51. Rc6+ Kf7 52. Be5 f4+ 53.
Bxf4 Rd1 54. g6+ Kg8 55. Be5 Rd8 56. Rc7 Rg1+ 57. Kf4 Rxg6 58. Kf5 Rg2 59. f4
Rf8+ 60. Bf6 1/2-1/2

[Event "TCh-FRA Top 12 2021"]
[Site "Chalons en Champagne FRA"]
[Date "2021.06.25"]
[Round "2.6"]
[Board "5"]
[White "Real, Thibault"]
[Black "Bacrot, Etienne"]
[Result "0-1"]
[WhiteTitle "FM"]
[BlackTitle "GM"]
[WhiteElo "2267"]
[BlackElo "2678"]
[WhiteTeam "Echiquier de l'Erdre"]
[BlackTeam "Bischwiller"]
[WhiteFideId "205559"]
[BlackFideId "605506"]
[EventDate "2021.06.24"]

1. d4 Nf6 2. Nf3 g6 3. c4 Bg7 4. Nc3 d5 5. cxd5 Nxd5 6. e4 Nxc3 7. bxc3 c5 8.
Be3 O-O 9. h3 Qa5 10. Qd2 Nc6 11. Rd1 Rd8 12. Be2 b6 13. O-O Bb7 14. Qb2 cxd4
15. cxd4 Qb4 16. Qd2 Rac8 17. Qd3 Qa4 18. a3 Nxd4 19. Nxd4 Bxd4 20. Bxd4 e5 21.
Bg4 Rxd4 22. Bxc8 Rxd3 23. Rxd3 Bxc8 24. Rd8+ Kg7 25. Rxc8 Qxa3 26. Rc7 b5 27.
Rb1 b4 28. Rd1 a5 29. Rdd7 Qb3 30. Rd5 a4 31. Ra5 a3 32. Kh2 Qa2 33. Rb7 b3 34.
Rba7 Qxf2 35. Rxa3 Qf4+ 36. Kh1 b2 0-1

[Event "TCh-FRA Top 12 2021"]
[Site "Chalons en Champagne FRA"]
[Date "2021.06.25"]
[Round "2.6"]
[Board "6"]
[White "Le Roux, Jean-Pierre"]
[Black "Jaouen, Valentin"]
[Result "1/2-1/2"]
[WhiteTitle "GM"]
[WhiteElo "2524"]
[BlackElo "2112"]
[WhiteTeam "Bischwiller"]
[BlackTeam "Echiquier de l'Erdre"]
[WhiteFideId "609404"]
[BlackFideId "20631294"]
[EventDate "2021.06.24"]

1. Nf3 e6 2. d3 d5 3. g3 b6 4. Bg2 Bb7 5. O-O Nf6 6. c4 dxc4 7. dxc4 Qxd1 8.
Rxd1 Bd6 9. Nc3 a6 10. Ng5 Bxg2 11. Kxg2 Nc6 12. Be3 Ng4 13. Bd2 O-O 14. Rac1
Rfd8 15. Na4 Be7 16. Nf3 Rd7 17. Bf4 Rad8 18. Rxd7 Rxd7 19. h3 Nf6 20. a3 a5 21.
Nc3 Bc5 22. Nb5 Ne4 23. e3 e5 24. Nxe5 Nxe5 25. Bxe5 Rd2 26. Rf1 f6 27. Bd4 Bxd4
28. exd4 c6 29. Na7 Rxd4 30. Nxc6 Rxc4 31. Ne7+ Kf7 32. Nd5 Rc2 33. Nxb6 Rxb2
34. Nc4 Ra2 35. Nxa5 Rxa3 1/2-1/2

[Event "TCh-FRA Top 12 2021"]
[Site "Chalons en Champagne FRA"]
[Date "2021.06.25"]
[Round "2.6"]
[Board "7"]
[White "Prodhomme, Boris"]
[Black "Maze, Sebastien"]
[Result "0-1"]
[BlackTitle "GM"]
[WhiteElo "2031"]
[BlackElo "2539"]
[WhiteTeam "Echiquier de l'Erdre"]
[BlackTeam "Bischwiller"]
[WhiteFideId "640034"]
[BlackFideId "613762"]
[EventDate "2021.06.24"]

1. d4 Nf6 2. c4 e6 3. Nf3 Bb4+ 4. Nbd2 O-O 5. g3 d5 6. Bg2 b6 7. O-O a5 8. Ne5
Bb7 9. Qc2 Be7 10. Rd1 Na6 11. a3 c5 12. b3 Rc8 13. Qa2 Bd6 14. Bb2 Qe7 15. cxd5
exd5 16. e3 b5 17. a4 Nb4 18. Qb1 cxd4 19. exd4 Nc2 20. Ra2 b4 21. Ndf3 Ne4 22.
Rc1 Na3 23. Bxa3 bxa3 24. Rac2 Rxc2 25. Qxc2 f6 26. Nc6 Qc7 27. Bh3 Qxc6 28.
Qxc6 Bxc6 29. Rxc6 a2 30. Rc1 Ba3 31. Ra1 Nc3 32. Be6+ Kh8 33. Bxd5 Bb2 34. Rxa2
Nxa2 35. Be6 Rd8 0-1

[Event "TCh-FRA Top 12 2021"]
[Site "Chalons en Champagne FRA"]
[Date "2021.06.25"]
[Round "2.6"]
[Board "8"]
[White "Ruhlmann, Helene"]
[Black "Maisuradze, Nino"]
[Result "1-0"]
[BlackTitle "WGM"]
[WhiteElo "1816"]
[BlackElo "2251"]
[WhiteTeam "Echiquier de l'Erdre"]
[BlackTeam "Bischwiller"]
[WhiteFideId "20643209"]
[BlackFideId "13601717"]
[EventDate "2021.06.24"]

1. Nf3 d5 2. g3 Nf6 3. Bg2 e6 4. O-O Be7 5. d3 O-O 6. Nbd2 c5 7. e4 Nc6 8. Re1
b5 9. e5 Nd7 10. Nf1 Bb7 11. h4 Qc7 12. Bf4 Rfc8 13. h5 h6 14. Qd2 Qd8 15. N1h2
a5 16. c3 b4 17. Ng4 Bf8 18. Rad1 bxc3 19. bxc3 a4 20. Bh3 Ra6 21. Rb1 Rb8 22.
Bf1 Ba8 23. d4 Rab6 24. Bd3 c4 25. Bc2 Rb2 26. Rxb2 Rxb2 27. Bh7+ Kxh7 28. Qxb2
Qa5 29. Qc2+ Kg8 30. Kh2 a3 31. Rb1 Nb6 32. Bxh6 Qa4 33. Qd2 Nd7 34. Bg5 Ne7 35.
h6 Nf5 36. hxg7 Bxg7 37. Nf6+ Nxf6 38. exf6 Bf8 39. Nh4 Nd6 40. Rb8 Qa7 41. Bh6 1-0

[Event "TCh-FRA Top 12 2021"]
[Site "Chalons en Champagne FRA"]
[Date "2021.06.26"]
[Round "3.1"]
[Board "2"]
[White "Edouard, Romain"]
[Black "Kirk, Ezra"]
[Result "1-0"]
[WhiteTitle "GM"]
[BlackTitle "IM"]
[WhiteElo "2598"]
[BlackElo "2447"]
[WhiteTeam "Echiquier Chalonnais"]
[BlackTeam "Echiquier Agenais"]
[WhiteFideId "633429"]
[BlackFideId "600067"]
[EventDate "2021.06.24"]

1. d4 Nf6 2. Bf4 g6 3. Nc3 d5 4. e3 c6 5. h4 Bg7 6. h5 Nxh5 7. Rxh5 gxh5 8. Qxh5
Nd7 9. Nf3 Nf8 10. Be5 Bxe5 11. Nxe5 Ng6 12. e4 Nxe5 13. Qxe5 Rg8 14. exd5 Qd6
15. Qh5 Bg4 16. Qxh7 O-O-O 17. dxc6 Qxd4 18. cxb7+ Kb8 19. Qd3 Qb4 20. Qg3+ Rd6
21. Rd1 Rg6 22. Rxd6 exd6 23. Kd2 Qd4+ 24. Kc1 Rh6 25. Bd3 f5 26. Kd2 Rh1 27.
Qe3 Qxe3+ 28. Kxe3 Rh2 29. f3 Bh5 30. g3 Bg6 31. Kf4 Kxb7 32. Nb5 Kc6 33. Nxa7+
Kc5 34. Nc8 Rf2 35. g4 fxg4 36. Bxg6 gxf3 37. Bd3 Rg2 38. Kxf3 Rg7 39. a3 d5 40.
b4+ Kc6 41. Ba6 1-0

[Event "TCh-FRA Top 12 2021"]
[Site "Chalons en Champagne FRA"]
[Date "2021.06.26"]
[Round "3.1"]
[Board "7"]
[White "Boukhris-Ferre, Yacine"]
[Black "Favarel, Antoine"]
[Result "0-1"]
[BlackTitle "IM"]
[WhiteElo "2185"]
[BlackElo "2346"]
[WhiteTeam "Echiquier Agenais"]
[BlackTeam "Echiquier Chalonnais"]
[WhiteFideId "697087"]
[BlackFideId "642371"]
[EventDate "2021.06.24"]

1. e4 c5 2. Nf3 Nc6 3. Bb5 Nf6 4. e5 Ng4 5. Bxc6 dxc6 6. h3 Nh6 7. d3 Nf5 8. O-O
g6 9. Nbd2 Bg7 10. b3 Nd4 11. Re1 b6 12. Bb2 O-O 13. a3 a5 14. Re4 Nxf3+ 15.
Nxf3 Bf5 16. Rh4 h6 17. g4 Be6 18. Qe2 Bd5 19. Re1 f5 20. exf6 exf6 21. c4 Bf7
22. g5 hxg5 23. Nxg5 fxg5 24. Bxg7 gxh4 25. Be5 Qg5+ 0-1

[Event "TCh-FRA Top 12 2021"]
[Site "Chalons en Champagne FRA"]
[Date "2021.06.26"]
[Round "3.2"]
[Board "6"]
[White "Moussard, Jules"]
[Black "Stephan, Victor"]
[Result "0-1"]
[WhiteTitle "GM"]
[BlackTitle "IM"]
[WhiteElo "2635"]
[BlackElo "2416"]
[WhiteTeam "Asnieres Le Grand Echiquier"]
[BlackTeam "C'Chartres Echecs"]
[WhiteFideId "642908"]
[BlackFideId "656666"]
[EventDate "2021.06.24"]

1. e4 c5 2. Nf3 d6 3. d4 cxd4 4. Nxd4 Nf6 5. Nc3 a6 6. Be2 e6 7. Be3 Be7 8. g4
Nc6 9. g5 Nd7 10. h4 O-O 11. a3 Qa5 12. Rg1 Nxd4 13. Qxd4 b5 14. h5 Re8 15. Qd2
Bb7 16. g6 Bf6 17. gxf7+ Kxf7 18. Rd1 Rad8 19. Kf1 b4 20. axb4 Qxb4 21. Qxd6
Qxd6 22. Rxd6 Bxc3 23. bxc3 Nf6 24. Rb6 Bxe4 25. Rxa6 Ra8 26. h6 g6 27. Rg3 Rxa6
28. Bxa6 Bxc2 29. Bd4 Bf5 30. Bb5 Rd8 31. Ke2 Ne4 32. Re3 Nd6 33. Re5 Nxb5 34.
Rxb5 g5 35. Rc5 Rd5 36. Rc7+ Kg6 37. Bg7 Ra5 38. Ke3 g4 39. Rd7 Rd5 40. Rc7 Ra5
41. Kf4 Ra2 42. Kg3 Ra1 43. f3 gxf3 44. Kxf3 Ra3 45. Ke3 Bh3 46. Kd4 Ra4+ 47. c4
Bf1 48. Kc3 Rxc4+ 49. Rxc4 Bxc4 50. Kxc4 e5 51. Kd5 e4 52. Kxe4 Kf7 53. Kf5 Kg8
54. Bd4 Kf7 55. Ke5 Kg6 56. Be3 Kf7 57. Kf5 Kg8 58. Ke6 Kh8 59. Kf6 Kg8 60. Bc5
Kh8 61. Bd6 Kg8 62. Be5 Kf8 63. Bc3 Kg8 64. Bb2 Kf8 65. Ba1 Kg8 66. Ke7 0-1

[Event "TCh-FRA Top 12 2021"]
[Site "Chalons en Champagne FRA"]
[Date "2021.06.26"]
[Round "3.3"]
[Board "4"]
[White "Baillon, Olivier"]
[Black "Hamitevici, Vladimir"]
[Result "1-0"]
[BlackTitle "GM"]
[WhiteElo "2213"]
[BlackElo "2456"]
[WhiteTeam "Club 608 Paris"]
[BlackTeam "Vandoeuvre Echecs"]
[WhiteFideId "616141"]
[BlackFideId "13902393"]
[EventDate "2021.06.24"]

1. d4 d6 2. e4 Nf6 3. Nc3 e5 4. dxe5 dxe5 5. Qxd8+ Kxd8 6. Bg5 Bd6 7. O-O-O Nd7
8. g3 h6 9. Bxf6+ Nxf6 10. f4 Bd7 11. Nf3 Ng4 12. fxe5 Bc5 13. Bh3 h5 14. e6
fxe6 15. Bxg4 hxg4 16. Ne5 Bd6 17. Nxd7 Ke8 18. e5 Be7 19. Rd4 Rd8 20. Rhd1 a6
21. Ne4 b6 22. c4 Rxh2 23. c5 Rh5 24. c6 Rf5 25. Nc3 Kf7 26. Rxg4 Rh8 27. Ne4 a5
28. Kc2 Rf3 29. Rd2 Rf1 30. Ng5+ Bxg5 31. Rxg5 Rf5 32. Rg4 g5 33. a4 Kg6 34. Re4
Rf1 35. g4 Rhh1 36. Kb3 Rf3+ 37. Kc2 Rff1 38. Rc4 Rc1+ 39. Kb3 1-0

[Event "TCh-FRA Top 12 2021"]
[Site "Chalons en Champagne FRA"]
[Date "2021.06.26"]
[Round "3.3"]
[Board "6"]
[White "Lemonnier, Remi"]
[Black "Adrian, Claude"]
[Result "1-0"]
[BlackTitle "IM"]
[WhiteElo "2125"]
[BlackElo "2240"]
[WhiteTeam "Club 608 Paris"]
[BlackTeam "Vandoeuvre Echecs"]
[WhiteFideId "648280"]
[BlackFideId "601071"]
[EventDate "2021.06.24"]

1. e4 e6 2. d4 d5 3. e5 c5 4. c3 Nc6 5. Nf3 Nge7 6. Na3 cxd4 7. cxd4 Nf5 8. Nc2
Qb6 9. Bd3 Bd7 10. O-O a5 11. Kh1 Rc8 12. Rb1 h5 13. a3 Be7 14. b4 axb4 15. Nxb4
Nxb4 16. Bd2 Bb5 17. Bxb4 Bxd3 18. Qxd3 Bxb4 19. Rxb4 Qc6 20. Rfb1 O-O 21. Rxb7
Qc2 22. Qxc2 Rxc2 23. R7b2 Rxb2 24. Rxb2 Rc8 25. h3 Rc3 26. Ng5 Rc8 27. Rb4 h4
28. a4 g6 29. a5 Rc1+ 30. Kh2 Ra1 31. Rb8+ Kg7 32. Rb7 Nxd4 33. Rxf7+ Kg8 34.
Ra7 Nb3 35. Ra8+ Kg7 36. Nxe6+ Kh7 37. Ng5+ Kg7 38. Ra7+ Kg8 39. Ra8+ 1-0

[Event "TCh-FRA Top 12 2021"]
[Site "Chalons en Champagne FRA"]
[Date "2021.06.26"]
[Round "3.4"]
[Board "2"]
[White "Gajewski, Grzegorz"]
[Black "Bacrot, Etienne"]
[Result "1/2-1/2"]
[WhiteTitle "GM"]
[BlackTitle "GM"]
[WhiteElo "2603"]
[BlackElo "2678"]
[WhiteTeam "Philidor Mulhouse"]
[BlackTeam "Bischwiller"]
[WhiteFideId "1116207"]
[BlackFideId "605506"]
[EventDate "2021.06.24"]

1. d4 Nf6 2. c4 e6 3. Nf3 d5 4. Nc3 a6 5. cxd5 exd5 6. Bg5 Be6 7. e3 Nbd7 8. Bd3
h6 9. Bh4 g5 10. Bg3 Nh5 11. Be5 Ng7 12. Bg3 Nh5 13. Be5 Ng7 1/2-1/2

[Event "TCh-FRA Top 12 2021"]
[Site "Chalons en Champagne FRA"]
[Date "2021.06.26"]
[Round "3.4"]
[Board "7"]
[White "Bellahcene, Bilel"]
[Black "Netzer, Jacques"]
[Result "1-0"]
[WhiteTitle "GM"]
[BlackTitle "FM"]
[WhiteElo "2499"]
[BlackElo "2269"]
[WhiteTeam "Bischwiller"]
[BlackTeam "Philidor Mulhouse"]
[WhiteFideId "696358"]
[BlackFideId "652873"]
[EventDate "2021.06.24"]

1. d4 Nf6 2. Nf3 e6 3. c4 Bb4+ 4. Nc3 d6 5. Qc2 Nbd7 6. g3 b6 7. Bg2 Bb7 8. O-O
Bxc3 9. Qxc3 a5 10. b3 O-O 11. Rd1 Qb8 12. a4 Be4 13. Bf1 c6 14. Bf4 Re8 15. Nd2
Bg6 16. Bg2 e5 17. dxe5 dxe5 18. Be3 Qc7 19. h3 Rad8 20. b4 axb4 21. Qxb4 c5 22.
Qb5 Nf8 23. a5 bxa5 24. Bxc5 Re6 25. Be3 e4 26. Rxa5 Rc6 27. Rda1 Ne6 28. Ra7
Qd6 29. Ra8 Rcc8 30. Rxc8 Rxc8 31. Qb7 Qd7 32. Nxe4 Bxe4 33. Bxe4 Qxb7 34. Bxb7
Rxc4 35. Ra8+ Nf8 36. Bf4 Rd4 37. Kg2 Nd7 38. Bc6 Nb6 39. Rb8 Nc4 40. e4 1-0

[Event "TCh-FRA Top 12 2021"]
[Site "Chalons en Champagne FRA"]
[Date "2021.06.26"]
[Round "3.4"]
[Board "8"]
[White "Navrotescu, Andreea"]
[Black "Sebag, Marie"]
[Result "0-1"]
[WhiteTitle "WIM"]
[BlackTitle "GM"]
[WhiteElo "2253"]
[BlackElo "2438"]
[WhiteTeam "Philidor Mulhouse"]
[BlackTeam "Bischwiller"]
[WhiteFideId "675946"]
[BlackFideId "617822"]
[EventDate "2021.06.24"]

1. d4 d5 2. c4 c6 3. Nf3 Nf6 4. Nc3 e6 5. g3 dxc4 6. Bg2 b5 7. O-O Nbd7 8. e4
Bb7 9. e5 Nd5 10. Ng5 Nxc3 11. bxc3 Nb6 12. Qh5 Qd7 13. Nxh7 O-O-O 14. Nxf8
Rdxf8 15. Qf3 c5 16. Qxb7+ Qxb7 17. Bxb7+ Kxb7 18. dxc5 Na4 19. Ba3 Rd8 20. Bb4
Kc6 21. f4 Rd2 22. h4 Rd3 23. Rad1 Rhd8 24. Rde1 Rxg3+ 25. Kh2 Rgd3 26. f5 Nxc3
27. fxe6 fxe6 28. Rf7 R8d7 29. Rxd7 Kxd7 30. Rg1 Nd5 31. Rxg7+ Kc6 32. Be1 c3
33. Bxc3 Rxc3 34. Rxa7 Nf4 0-1

[Event "TCh-FRA Top 12 2021"]
[Site "Chalons en Champagne FRA"]
[Date "2021.06.26"]
[Round "3.6"]
[Board "3"]
[White "Libiszewski, Fabien"]
[Black "Hutois, Mickael"]
[Result "1-0"]
[WhiteTitle "GM"]
[BlackTitle "FM"]
[WhiteElo "2510"]
[BlackElo "2261"]
[WhiteTeam "Clichy Echecs 92"]
[BlackTeam "Echiquier de l'Erdre"]
[WhiteFideId "616834"]
[BlackFideId "652091"]
[EventDate "2021.06.24"]

1. e4 e5 2. Nf3 Nc6 3. Bb5 a6 4. Ba4 Nf6 5. O-O b5 6. Bb3 Bc5 7. a4 Rb8 8. Re1
d6 9. c3 O-O 10. d4 Bb6 11. a5 Ba7 12. Be3 Ra8 13. Nbd2 Bb7 14. Bc2 Re8 15. d5
Ne7 16. Bxa7 Rxa7 17. c4 c6 18. cxb5 axb5 19. dxc6 Nxc6 20. Nb3 Qc7 21. Bd3 Nxa5
22. Bxb5 Rea8 23. Bd3 Qb6 24. Nxa5 Rxa5 25. Rb1 Ra4 26. Qc2 Rb4 27. Nd2 Ra2 28.
Nc4 Qc5 29. Ra1 Rxa1 30. Rxa1 g6 31. b3 Qd4 32. Re1 Ng4 33. Bf1 f5 34. h3 Nh6
35. Rd1 Qc5 36. Qd2 Nf7 37. exf5 d5 38. fxg6 hxg6 39. Ne3 d4 40. Ng4 Rxb3 41.
Nh6+ Nxh6 42. Qxh6 Be4 43. Re1 Bf5 44. Ra1 d3 45. Ra8+ Kf7 46. Qh7+ Kf6 47. Qh8+
Kg5 48. Qd8+ Kh5 49. Qf6 1-0

[Event "TCh-FRA Top 12 2021"]
[Site "Chalons en Champagne FRA"]
[Date "2021.06.27"]
[Round "4.1"]
[Board "1"]
[White "Van Wely, Loek"]
[Black "Milliet, Sophie"]
[Result "1-0"]
[WhiteTitle "GM"]
[BlackTitle "IM"]
[WhiteElo "2620"]
[BlackElo "2407"]
[WhiteTeam "Clichy Echecs 92"]
[BlackTeam "Grasse Echecs"]
[WhiteFideId "1000268"]
[BlackFideId "623725"]
[EventDate "2021.06.24"]

1. d4 Nf6 2. c4 e6 3. Nc3 Bb4 4. Nf3 b6 5. Qb3 c5 6. a3 Ba5 7. Bg5 h6 8. Bh4 Nc6
9. O-O-O g5 10. Bg3 Bxc3 11. d5 Ba5 12. dxc6 O-O 13. h4 g4 14. Qe3 gxf3 15. c7
Qe8 16. Qxh6 Ne4 17. gxf3 Bd2+ 18. Rxd2 Nxd2 19. Be5 1-0